Charakteristika vybraných medzinárodných účtovných štandardov vo verejnom sektore diplomová práca

Saved in:
Bibliographic Details
Main Author: Husárová, Stanislava
Corporate Author: Fakulta hospodárskej informatiky EU. Katedra účtovníctva a audítorstva
Other Authors: Kovalčíková, Antónia
Format: Book
Language:Slovak
Published: Bratislava 2008
Tags: Add Tag
No Tags, Be the first to tag this record!

MARC

LEADER 00000nam$a2200000$$$4500
001 0084996
005 20240201115305.7
041 0 |a slo 
044 |a SK 
245 1 0 |a Charakteristika vybraných medzinárodných účtovných štandardov vo verejnom sektore  |b diplomová práca  |c Stanislava Husárová ; škol. Antónia Kovalčíková 
264 1 |a Bratislava  |c 2008 
300 |a 64 s. 
100 1 |a Husárová, Stanislava 
700 1 |a Kovalčíková, Antónia 
710 2 |a Fakulta hospodárskej informatiky EU. Katedra účtovníctva a audítorstva